| 000 | 00513nam a2200157Ia 4500 | ||
|---|---|---|---|
| 008 | 230907s9999||||xx |||||||||||||| ||und|| | ||
| 082 |
_a620 _bJAN |
||
| 100 |
_aShayan Tariq Jan (NUST201463517MCES64114F) _9116355 |
||
| 245 | 2 | _aA study of grid tied bidirectional converters for the application of power conditioning / | |
| 260 |
_aUSPCAS-E, NUST, _bIslamabad: _c2017 |
||
| 300 | _axi, 60+11p.: | ||
| 520 | _aTH-75 | ||
| 650 | _aMS-ESE Thesis MS Thesis | ||
| 700 |
_aDr Naseem Iqbal _916826 |
||
| 942 |
_cTHE _2ddc |
||
| 999 |
_c601754 _d601754 |
||